| 000 | 00698nam a2200205Ia 4500 | ||
|---|---|---|---|
| 001 | 417 | ||
| 003 | GE_BSU | ||
| 008 | 181216s||||||||xx |||||||||||||| ||und|| | ||
| 020 | _a9789941904431 | ||
| 040 | _cGE_BSU | ||
| 100 | _aნარგიზიშვილი, აკაკი | ||
| 245 | _aსაოჯახო პედაგოგიკა | ||
| 245 | _cრედ. ნარგიზიშვილი- მიქაძე მანანა | ||
| 260 | _aთბილისი | ||
| 260 | _bი.გოგებაშვილის სახ.პედ. მეცნ. ეროვნული ინ-ტი | ||
| 260 | _c2008 | ||
| 300 | _a123 გვ. | ||
| 541 | _h6 ლ. | ||
| 942 | _cBK | ||
| 999 |
_c34646 _d34646 |
||